Barcelona génia Gaudího

Barcelona a jej kultúrne a architektonické pamiatky. Jedinečnosť barcelónskej architektúry. Svetoznámi barcelónski umelci. Vrcholné dielo architekta Antoniho Gaudího - Sagrada Familia. Jedinečná atmosféra Barcelony.

Saved in:
Bibliographic Details
Main Author: Brunovský, Oliver
Format: Book Chapter
Language:Slovak
Subjects:
Tags: Add Tag
No Tags, Be the first to tag this record!

MARC

LEADER 00000naa$a2200000$$$4500
001 0036111
005 20231009070750.7
041 0 |a slo 
044 |a SK 
245 1 0 |a Barcelona génia Gaudího  |c Oliver Brunovský 
520 |a Barcelona a jej kultúrne a architektonické pamiatky. Jedinečnosť barcelónskej architektúry. Svetoznámi barcelónski umelci. Vrcholné dielo architekta Antoniho Gaudího - Sagrada Familia. Jedinečná atmosféra Barcelony. 
610 2 0 |a ruch cestovný 
610 2 0 |a kultúra 
610 2 0 |a história 
610 2 0 |a umenie 
610 2 0 |a architektúra 
610 2 0 |a mestá 
610 2 0 |a Španielsko 
100 1 |a Brunovský, Oliver